[Event "Helsinki Chess Festival - U20"]
[Site "chess24.com"]
[Date "2019.08.17"]
[Round "8"]
[White "Ingebretsen, Jens E"]
[Black "Timoshin, Andrei"]
[Result "1-0"]
[Board "3"]
[WhiteTitle "FM"]
[WhiteElo "2277"]
[WhiteCountry "NOR"]
[WhiteFideId "1522965"]
[WhiteEloChange "7"]
[BlackElo "2154"]
[BlackCountry "EST"]
[BlackFideId "4503503"]
[BlackEloChange "-7"]

1. c4 {[%clk 1:30:57]} e5 {[%clk 1:30:49]} 2. Nc3 {[%clk 1:31:23]} Nc6 {[%clk
1:30:05]} 3. Nf3 {[%clk 1:31:48]} Nf6 {[%clk 1:30:25]} 4. g3 {[%clk 1:32:13]} d5
{[%clk 1:29:38]} 5. cxd5 {[%clk 1:32:37]} Nxd5 {[%clk 1:30:05]} 6. Bg2 {[%clk
1:33:02]} Nb6 {[%clk 1:30:06]} 7. Rb1 {[%clk 1:33:28]} a5 {[%clk 1:28:34]} 8. a3
{[%clk 1:32:51]} a4 {[%clk 1:26:23]} 9. d3 {[%clk 1:32:45]} Be7 {[%clk 1:12:46]}
10. Be3 {[%clk 1:32:25]} O-O {[%clk 1:12:55]} 11. Bxb6 {[%clk 1:20:40]} cxb6
{[%clk 1:13:21]} 12. O-O {[%clk 1:21:00]} Be6 {[%clk 1:11:52]} 13. Nxa4 {[%clk
1:13:34]} e4 {[%clk 1:12:12]} 14. Ne1 {[%clk 1:13:49]} exd3 {[%clk 1:11:44]} 15.
Nxd3 {[%clk 1:13:00]} Nd4 {[%clk 1:11:43]} 16. Nc3 {[%clk 1:12:28]} Bb3 {[%clk
1:12:05]} 17. Qd2 {[%clk 1:11:41]} Bc2 {[%clk 1:12:03]} 18. Rbe1 {[%clk 0:56:33]}
Nxe2+ {[%clk 1:12:27]} 19. Qxe2 {[%clk 0:56:57]} Bxd3 {[%clk 1:12:52]} 20. Qxe7
{[%clk 0:57:22]} Bxf1 {[%clk 1:13:17]} 21. Bxf1 {[%clk 0:57:47]} Qd2 {[%clk
1:13:17]} 22. Re2 {[%clk 0:58:07]} Qc1 {[%clk 1:13:17]} 23. Qe3 {[%clk 0:58:27]}
Qxe3 {[%clk 1:13:37]} 24. Rxe3 {[%clk 0:58:52]} Rfd8 {[%clk 1:14:02]} 25. Re7
{[%clk 0:59:17]} Rd2 {[%clk 1:14:22]} 26. b3 {[%clk 0:59:42]} Rc2 {[%clk
1:14:47]} 27. Nd5 {[%clk 1:00:07]} g6 {[%clk 1:15:12]} 28. a4 {[%clk 1:00:07]}
Rb8 {[%clk 1:15:37]} 29. Bc4 {[%clk 1:00:32]} Kf8 {[%clk 1:16:01]} 30. Rd7 {[%clk
1:00:57]} b5 {[%clk 1:16:26]} 31. axb5 {[%clk 1:00:57]} Kg7 {[%clk 1:16:51]} 32.
Nf4 {[%clk 1:01:22]} b6 {[%clk 1:16:51]} 33. Rxf7+ {[%clk 1:01:47]} Kh8 {[%clk
1:17:16]} 34. Nh3 {[%clk 1:02:12]} h6 {[%clk 1:17:41]} 35. Nf4 {[%clk 1:02:37]}
Rg8 {[%clk 1:18:06]} 36. Rb7 {[%clk 1:02:37]} g5 {[%clk 1:18:31]} 37. Nh5 {[%clk
1:03:02]} Rf8 {[%clk 1:18:56]} 38. Rxb6 {[%clk 1:03:02]} 1-0

[Event "Helsinki Chess Festival - U20"]
[Site "chess24.com"]
[Date "2019.08.17"]
[Round "8"]
[White "Juksta, Karolis"]
[Black "Liu, Casper"]
[Result "1-0"]
[Board "4"]
[WhiteElo "2259"]
[WhiteCountry "LTU"]
[WhiteFideId "12809039"]
[WhiteEloChange "6"]
[BlackElo "2130"]
[BlackCountry "DEN"]
[BlackFideId "1454153"]
[BlackEloChange "-6"]

1. d4 {[%clk 2:17:25]} Nf6 {[%clk 0:00:05]} 2. c4 {[%clk 0:00:05]} g6 {[%clk
0:00:02]} 3. Nc3 {[%clk 0:00:04]} Bg7 {[%clk 0:00:03]} 4. e4 {[%clk 0:00:06]} d6
{[%clk 0:00:27]} 5. Be2 {[%clk 0:00:04]} O-O {[%clk 0:00:05]} 6. Be3 {[%clk
0:00:03]} e5 {[%clk 0:00:30]} 7. d5 {[%clk 0:00:07]} Na6 {[%clk 0:01:03]} 8. g4
{[%clk 0:00:14]} Kh8 {[%clk 0:01:43]} 9. g5 {[%clk 0:12:39]} Ng8 {[%clk 0:00:52]}
10. h4 {[%clk 0:00:24]} f5 {[%clk 0:02:46]} 11. gxf6 {[%clk 0:01:53]} Qxf6 {[%clk
0:00:10]} 12. Qd2 {[%clk 0:01:51]} Bh6 {[%clk 0:03:12]} 13. O-O-O {[%clk
0:43:53]} Bf4 {[%clk 0:04:16]} 14. Kb1 {[%clk 0:06:23]} Nc5 {[%clk 0:01:43]} 15.
f3 {[%clk 0:05:50]} h6 {[%clk 0:10:37]} 16. Bf1 {[%clk 0:00:42]} Kg7 {[%clk
0:02:30]} 17. Bg2 {[%clk 0:02:31]} Bg3 {[%clk 0:29:35]} 18. Nce2 {[%clk 0:06:22]}
Bxh4 {[%clk 0:00:54]} 19. f4 {[%clk 0:00:19]} g5 {[%clk 0:04:01]} 20. fxe5 {[%clk
0:01:24]} Qg6 {[%clk 0:00:05]} 21. Qd4 {[%clk 0:13:52]} Kh7 {[%clk 0:00:48]} 22.
Nf3 {[%clk 0:01:36]} Nxe4 {[%clk 0:00:50]} 23. Nxh4 {[%clk 0:00:56]} Nc3+ {[%clk
0:00:44]} 24. Ka1 {[%clk 0:00:06]} gxh4 25. Nxc3 {[%clk 0:00:36]} Qxg2 26. Qxh4
{[%clk 0:01:06]} Qg4 27. e6 {[%clk 0:01:36]} Qxh4 28. Rxh4 {[%clk 0:02:06]} b6
29. Rdh1 {[%clk 0:02:25]} Rf6 30. Ne4 {[%clk 0:02:50]} Rg6 31. Rf4 {[%clk
0:03:15]} Ba6 32. b3 {[%clk 0:03:45]} b5 33. Rf7+ {[%clk 0:04:15]} Rg7 34. Rg1
{[%clk 0:04:40]} Rxf7 35. exf7 {[%clk 0:05:10]} Ne7 36. Nf6+ {[%clk 0:05:40]} Kh8
37. Bxh6 {[%clk 0:06:10]} 1-0

[Event "Helsinki Chess Festival - U20"]
[Site "chess24.com"]
[Date "2019.08.17"]
[Round "8"]
[White "Wartiovaara, Oliver"]
[Black "Heimisson, Hilmir Freyr"]
[Result "1-0"]
[Board "5"]
[WhiteElo "2166"]
[WhiteCountry "FIN"]
[WhiteFideId "513024"]
[WhiteEloChange "13"]
[BlackTitle "FM"]
[BlackElo "2258"]
[BlackCountry "ISL"]
[BlackFideId "2309998"]
[BlackEloChange "-13"]

1. e4 {[%clk 1:30:14]} d6 {[%clk 1:30:52]} 2. d4 {[%clk 1:30:16]} Nf6 {[%clk
1:31:15]} 3. Nc3 {[%clk 1:30:43]} e5 {[%clk 1:31:39]} 4. Nge2 {[%clk 1:30:56]}
exd4 {[%clk 1:31:58]} 5. Nxd4 {[%clk 1:31:21]} Be7 {[%clk 1:32:25]} 6. h3 {[%clk
1:26:30]} O-O {[%clk 1:32:24]} 7. g3 {[%clk 1:22:54]} d5 {[%clk 1:17:04]} 8. e5
{[%clk 1:13:54]} Ne4 {[%clk 1:16:01]} 9. Bg2 {[%clk 0:58:05]} f6 {[%clk 0:39:24]}
10. Nxe4 {[%clk 0:52:14]} fxe5 {[%clk 0:27:58]} 11. Nb5 {[%clk 0:42:37]} dxe4
{[%clk 0:27:51]} 12. Qxd8 {[%clk 0:40:20]} Bxd8 {[%clk 0:28:19]} 13. Bxe4 {[%clk
0:39:22]} Nd7 {[%clk 0:26:36]} 14. Be3 {[%clk 0:39:08]} Nf6 {[%clk 0:26:24]} 15.
Bg2 {[%clk 0:39:12]} c6 {[%clk 0:18:13]} 16. Nd6 {[%clk 0:28:10]} Ba5+ {[%clk
0:13:59]} 17. c3 {[%clk 0:23:22]} Nd5 {[%clk 0:14:21]} 18. Bd2 {[%clk 0:19:08]}
Bc7 {[%clk 0:13:08]} 19. Nxc8 {[%clk 0:19:26]} Raxc8 {[%clk 0:13:29]} 20. O-O
{[%clk 0:17:26]} Rf7 {[%clk 0:13:14]} 21. c4 {[%clk 0:17:24]} Ne7 {[%clk
0:13:28]} 22. c5 {[%clk 0:10:18]} Rd8 {[%clk 0:13:14]} 23. Rad1 {[%clk 0:10:30]}
Nf5 {[%clk 0:11:46]} 24. Bg5 {[%clk 0:10:46]} Rdf8 {[%clk 0:11:44]} 25. Be4
{[%clk 0:08:34]} Nd4 {[%clk 0:08:13]} 26. Kg2 {[%clk 0:08:57]} Bd8 {[%clk
0:07:56]} 27. Be3 {[%clk 0:09:15]} Bf6 {[%clk 0:05:38]} 28. f4 {[%clk 0:08:25]}
Ne6 {[%clk 0:05:07]} 29. f5 {[%clk 0:04:29]} Nd4 {[%clk 0:04:48]} 30. g4 {[%clk
0:04:23]} Rd7 {[%clk 0:03:13]} 31. g5 {[%clk 0:04:05]} Be7 {[%clk 0:03:42]} 32.
b4 {[%clk 0:04:25]} a5 {[%clk 0:03:46]} 33. a3 {[%clk 0:04:46]} Rdd8 {[%clk
0:03:33]} 34. h4 {[%clk 0:04:27]} Nb5 {[%clk 0:03:28]} 35. Rxd8 {[%clk 0:04:23]}
Bxd8 {[%clk 0:03:43]} 36. Bc1 {[%clk 0:03:25]} Nc3 {[%clk 0:03:00]} 37. Bd3
{[%clk 0:03:37]} Nd5 {[%clk 0:03:01]} 38. Bc4 {[%clk 0:03:36]} axb4 {[%clk
0:03:03]} 39. axb4 {[%clk 0:04:01]} Bc7 {[%clk 0:01:53]} 40. Bd2 {[%clk 0:30:44]}
Ra8 {[%clk 0:30:58]} 41. h5 {[%clk 0:27:43]} e4 {[%clk 0:20:44]} 42. Bf4 {[%clk
0:21:09]} Bxf4 {[%clk 0:20:08]} 43. Rxf4 {[%clk 0:21:35]} Re8 {[%clk 0:19:59]}
44. Kf2 {[%clk 0:19:07]} e3+ {[%clk 0:16:06]} 45. Ke2 {[%clk 0:19:22]} Kf8 {[%clk
0:08:37]} 46. Bxd5 {[%clk 0:19:16]} cxd5 {[%clk 0:09:06]} 47. g6 {[%clk 0:19:03]}
hxg6 {[%clk 0:07:29]} 48. fxg6+ {[%clk 0:19:24]} Kg8 {[%clk 0:07:42]} 49. Rf7
{[%clk 0:19:25]} d4 {[%clk 0:06:47]} 50. Rd7 {[%clk 0:19:48]} Kf8 {[%clk
0:06:51]} 51. Rxd4 {[%clk 0:19:55]} Re5 {[%clk 0:07:08]} 52. Rf4+ {[%clk
0:19:59]} Ke8 {[%clk 0:06:22]} 53. h6 {[%clk 0:19:44]} 1-0